=LDR 00000nam 2200000 4500 =001 INLIS000000000033152 =005 20230411093225 =035 ##$$a 0010-061300000033152 =008 230411################e##########0#ind## =041 ##$$a ind =082 ##$$a 301 =090 ##$$a 301, Fat a =100 ##$$a Fathoni, H. Abdurrahmat =245 1#$$a Antropologi Sosial Budaya : $b Suatu pengantar /$c Prof. Dr. H. Abdurrahmat farhoni, M.si =260 ##$$a Jakarta :$b Rineka Cipta,$c 2006. =300 ##$$a viii,110 hlm, ; $c 21 x 17 cm. =650 #4$$a Antropologi =850 ##$$a NBPNMAT =020 ##$$a 979-518-947-6 =084 ##$$a 301 FAT a =250 ##$$a cet.1 =500 ##$$a Biografi :hlm.109-110 =504 ##$$a Bibliografi :hlm.107-108 =990 ##$$a 21004789 =990 ##$$a 21004791 =990 ##$$a 21004788